00467nam a2200169 a 450000100060000000300090000600800410001502000150005604000280007108200200009910000280011924500450014726000300019230000110022249000210023365000430025415174CO-ViMGA141112s2004 ck r 000 u spa d a9586901548 aCO-ViMGAbspacCO-ViMGA04a343.09861 C656e1 aArboleda Vallejo, Mario10aCódigo Penal.Anotado (Ley 599 de 2000) aBogotá, cLeyer, c2002 a613.p. aCódigos Brevis14aDERECHO PENAL - LEGISLACION - COLOMBIA